[Event "Paulista-chTB"]
[Site "Sao Paulo"]
[Date "2023.03.05"]
[Round "5"]
[White "Ferreira, Ricardo Criez Nobre"]
[Black "Van Riemsdijk, Felipe Herman"]
[Result "1/2-1/2"]
[WhiteElo "1940"]
[BlackElo "1725"]
[PlyCount "88"]
[EventDate "2023.03.03"]
[EventType "team-swiss"]
[EventRounds "5"]
[EventCountry "BRA"]
[SourceTitle "CBM 213 Extra"]
[Source "ChessBase"]
[SourceDate "2023.05.31"]
[SourceVersion "1"]
[SourceVersionDate "2023.05.31"]
[SourceQuality "1"]
[WhiteTeam "LXSBC II"]
[BlackTeam "Kiin Hikaru"]
[WhiteTeamCountry "BRA"]
[BlackTeamCountry "BRA"]

1. e4 e5 2. Nf3 f5 3. d3 Nc6 4. Nc3 Nf6 5. Bg5 Bb4 6. exf5 0-0 7. a3 Bxc3+ 8. bxc3 d6 9. Rb1 Rb8 10. g4 h5 11. h3 Qe8 12. Bxf6 Rxf6 13. Nh4 Bd7 14. Bg2 hxg4 15. Bd5+ Kf8 16. hxg4 Ne7 17. g5 Nxd5 18. gxf6 Nxf6 19. Ng6+ Kf7 20. Rh8 Qxh8 21. Nxh8+ Rxh8 22. Kd2 b6 23. Qf3 Rh5 24. Qb7 Rxf5 25. Qxc7 Rxf2+ 26. Kc1 Ke6 27. Qxa7 Nd5 28. Rxb6 Nxb6 29. Qxb6 Rf4 30. c4 g5 31. Qb7 g4 32. a4 g3 33. a5 Rf7 34. Qe4 Rf4 35. Qh7 Kf6 36. Qxd7 g2 37. Qxd6+ Kf5 38. Qf8+ Kg4 39. Qg7+ Kf3 40. a6 Rg4 41. Qf6+ Rf4 42. Qg5 Rg4 43. Qf5+ Rf4 44. Qg5 Rg4 1/2-1/2

[Event "Sao Paulo SP ECP op 3rd"]
[Site "Sao Paulo"]
[Date "2017.11.18"]
[Round "3.9"]
[White "Van Riemsdijk, Felipe Herman"]
[Black "Ferreira, Caio Tulio Moreira"]
[Result "1/2-1/2"]
[WhiteElo "1750"]
[BlackElo "1538"]
[PlyCount "107"]
[EventDate "2017.11.17"]
[EventType "swiss"]
[EventRounds "6"]
[EventCountry "BRA"]
[SourceTitle "EXT 2022"]
[Source "ChessBase"]
[SourceDate "2021.10.06"]
[SourceVersion "1"]
[SourceVersionDate "2021.10.06"]
[SourceQuality "1"]

1. e4 c5 2. Nc3 Nc6 3. f4 g6 4. Nf3 Bg7 5. Bc4 e6 6. 0-0 Nge7 7. Qe1 0-0 8. d3 d5 9. Bb3 b6 10. f5 gxf5 11. Qh4 Ng6 12. Qh5 f6 13. exd5 Na5 14. dxe6 Nxb3 15. axb3 Bxe6 16. Re1 Qd7 17. Bd2 Rae8 18. Bh6 Rf7 19. Rad1 Rfe7 20. d4 cxd4 21. Nxd4 Bf7 22. Rxe7 Qxe7 23. Nxf5 Qc5+ 24. Kh1 Qe5 25. g3 Bh8 26. Be3 Bg7 27. Rd7 Ne7 28. Nxe7+ Qxe7 29. Rxe7 Bxh5 30. Rxe8+ Bxe8 31. Kg1 Bg6 32. Nb5 Bxc2 33. Nxa7 Bxb3 34. Bxb6 f5 35. Nc6 Bxb2 36. Ne7+ Kf7 37. Nxf5 Bc2 38. Ne3 Bg6 39. Kf2 Be5 40. Kf3 Ke6 41. Bc5 Bc7 42. Kg4 Ke5 43. Bf8 Ke4 44. Bh6 Bb6 45. Nc4 Bg1 46. h4 Kd4 47. Nd6 Ke5 48. Bf4+ Ke6 49. h5 Bd3 50. Kg5 Bc5 51. Ne8 Be7+ 52. Kh6 Bf8+ 53. Ng7+ Bxg7+ 54. Kxg7 1/2-1/2

[Event "Sao Paulo Salles Cup 11th"]
[Site "Sao Paulo"]
[Date "2017.03.24"]
[Round "2"]
[White "Hayashi, Kaito"]
[Black "Van Riemsdijk, Felipe Herman"]
[Result "0-1"]
[WhiteElo "1502"]
[BlackElo "1745"]
[PlyCount "40"]
[EventDate "2017.03.24"]
[EventType "swiss (blitz)"]
[EventRounds "6"]
[EventCountry "BRA"]
[SourceTitle "CBM 177 Extra"]
[Source "ChessBase"]
[SourceDate "2017.04.27"]
[SourceVersion "1"]
[SourceVersionDate "2017.04.27"]
[SourceQuality "1"]

1. e4 e5 2. Nf3 Nc6 3. Bb5 f5 4. d3 Nf6 5. Nc3 Bb4 6. Bd2 d6 7. Qe2 Bd7 8. a3 Ba5 9. 0-0 fxe4 10. Nxe4 Bxd2 11. Nfxd2 0-0 12. f4 Nd4 13. Bc4+ Kh8 14. Qd1 Bg4 15. Qb1 Nxe4 16. dxe4 exf4 17. Kh1 Qg5 18. h3 Bh5 19. Nb3 f3 20. gxf3 Rxf3 0-1

[Event "Sao Paulo Salles Cup 11th"]
[Site "Sao Paulo"]
[Date "2017.03.24"]
[Round "1"]
[White "Van Riemsdijk, Felipe Herman"]
[Black "Brujin, Homero"]
[Result "0-1"]
[WhiteElo "1745"]
[BlackElo "1370"]
[PlyCount "66"]
[EventDate "2017.03.24"]
[EventType "swiss (blitz)"]
[EventRounds "6"]
[EventCountry "BRA"]
[SourceTitle "CBM 177 Extra"]
[Source "ChessBase"]
[SourceDate "2017.04.27"]
[SourceVersion "1"]
[SourceVersionDate "2017.04.27"]
[SourceQuality "1"]

1. e4 c5 2. Nc3 d6 3. f4 e6 4. Nf3 Nc6 5. Bc4 Nf6 6. 0-0 Be7 7. Qe1 a6 8. a3 b5 9. Ba2 Bb7 10. d3 Rc8 11. f5 Nd4 12. Qf2 e5 13. Ng5 c4 14. Be3 Ng4 15. Nxf7 Kxf7 16. Qg3 Nxe3 17. Qxe3 Nxc2 18. Qe2 Nxa1 19. dxc4 bxc4 20. Bxc4+ Kf8 21. Rxa1 Qb6+ 22. Kh1 Qd4 23. Be6 h5 24. Rd1 Qc5 25. g4 hxg4 26. Rg1 Bf6 27. Bxc8 Bxc8 28. Nd5 Bd8 29. Qxg4 g5 30. Qf3 Qc2 31. Rg2 Qb1+ 32. Rg1 Qxb2 33. Rg4 Qxh2# 0-1

[Event "Sao Paulo Karman Cup 9th"]
[Site "Sao Paulo"]
[Date "2016.08.07"]
[Round "5"]
[White "Vianna, Alessandro Ayres"]
[Black "Van Riemsdijk, Felipe Herman"]
[Result "1/2-1/2"]
[WhiteElo "1522"]
[BlackElo "1760"]
[PlyCount "111"]
[EventDate "2016.08.05"]
[EventType "swiss"]
[EventRounds "6"]
[EventCountry "BRA"]
[SourceTitle "CBM 174 Extra"]
[Source "ChessBase"]
[SourceDate "2016.10.10"]
[SourceVersion "1"]
[SourceVersionDate "2016.10.10"]
[SourceQuality "1"]

1. d4 Nf6 2. Nf3 c5 3. d5 d6 4. c4 b5 5. Nfd2 g6 6. e4 Bg7 7. Be2 0-0 8. 0-0 Nbd7 9. cxb5 a6 10. Nc3 axb5 11. Bxb5 Ba6 12. Qc2 Bxb5 13. Nxb5 Qa5 14. a4 Nb6 15. Ra2 Rfb8 16. b3 Nbxd5 17. Nxd6 Nb4 18. N6c4 Qc7 19. Qb1 Nxa2 20. Qxa2 Ng4 21. Nf3 Qb7 22. Ncd2 Nf6 23. Qc2 Nd7 24. Ba3 Rc8 25. Nc4 Ra6 26. Re1 Rb8 27. Nfd2 Bd4 28. Bb2 Bxb2 29. Nxb2 Qb4 30. Nbc4 Nb6 31. Rb1 Nxc4 32. bxc4 Qxb1+ 33. Nxb1 Rab6 34. Nc3 Rb2 35. Qc1 R2b3 36. g3 R8b4 37. Qc2 Rb2 38. Qc1 R2b3 39. Qc2 Rb2 40. Qd3 R2b3 41. Qd8+ Kg7 42. Qxe7 Rxc4 43. Nb5 Rxa4 44. Nd6 Rf3 45. Ne8+ Kg8 46. Qxc5 Rxe4 47. Qd5 Re1+ 48. Kg2 Rf5 49. Qd7 Re2 50. Qd8 Rfxf2+ 51. Kh3 f5 52. Kh4 Kf7 53. Qd7+ Re7 54. Nd6+ Kf6 55. Ne8+ Kf7 56. Nd6+ 1/2-1/2

[Event "Sao Paulo Karman Cup 9th"]
[Site "Sao Paulo"]
[Date "2016.08.05"]
[Round "2"]
[White "Van Riemsdijk, Felipe Herman"]
[Black "Batista, Renato Luiz"]
[Result "1/2-1/2"]
[WhiteElo "1760"]
[BlackElo "2164"]
[PlyCount "109"]
[EventDate "2016.08.05"]
[EventType "swiss"]
[EventRounds "6"]
[EventCountry "BRA"]
[SourceTitle "CBM 174 Extra"]
[Source "ChessBase"]
[SourceDate "2016.10.10"]
[SourceVersion "1"]
[SourceVersionDate "2016.10.10"]
[SourceQuality "1"]

1. e4 c5 2. Nc3 Nc6 3. f4 g6 4. Nf3 Bg7 5. Bc4 e6 6. 0-0 Nge7 7. Qe1 0-0 8. d3 d5 9. Bb3 Nd4 10. Nxd4 cxd4 11. Ne2 dxe4 12. dxe4 Bd7 13. f5 exf5 14. Qh4 Nc6 15. Bg5 Qb6 16. Nf4 d3+ 17. Kh1 Rfe8 18. Nd5 Qd4 19. Nf6+ Bxf6 20. Bxf6 Rxe4 21. Bxd4 Rxh4 22. Bf6 Re4 23. Rad1 Ne5 24. cxd3 Re2 25. Rfe1 Rxe1+ 26. Rxe1 Ng4 27. Bd4 b6 28. Re7 Re8 29. Bxf7+ Kf8 30. Rxe8+ Bxe8 31. Bc4 Bf7 32. h3 Nh6 33. Be3 Ng8 34. Kg1 Nf6 35. Kf2 Bxc4 36. dxc4 Ne8 37. Ke2 Kf7 38. Kd3 Ke6 39. Kd4 g5 40. b4 h6 41. c5 bxc5+ 42. bxc5 Nf6 43. Kc4 Nd5 44. Bd4 Nf4 45. Bg7 Nxg2 46. Bxh6 f4 47. Kd4 f3 48. Kd3 Nf4+ 49. Ke3 Nxh3 50. Kxf3 Kd5 51. Bf8 Nf4 52. Kg4 a5 53. Be7 Ne6 54. a4 Nxc5 55. Bxg5 1/2-1/2

[Event "Sao Paulo ECP A"]
[Site "Sao Paulo"]
[Date "2016.06.04"]
[Round "11.1"]
[White "Bicalho, Rafael Cury"]
[Black "Van Riemsdijk, Felipe Herman"]
[Result "1-0"]
[WhiteElo "1507"]
[BlackElo "1735"]
[PlyCount "151"]
[EventDate "2016.03.12"]
[EventType "tourn"]
[EventRounds "11"]
[EventCountry "BRA"]
[SourceTitle "EXT 2022"]
[Source "ChessBase"]
[SourceDate "2021.10.06"]
[SourceVersion "1"]
[SourceVersionDate "2021.10.06"]
[SourceQuality "1"]

1. e4 e5 2. Nf3 Nc6 3. Bc4 Nf6 4. Qe2 Bc5 5. 0-0 d6 6. c3 Bg4 7. d3 Na5 8. Bb5+ c6 9. Ba4 b5 10. Bc2 Nb7 11. Be3 0-0 12. Nbd2 Re8 13. Bb3 d5 14. exd5 cxd5 15. h3 d4 16. Bg5 Be6 17. Ne4 Bxb3 18. axb3 Re6 19. Nh4 Be7 20. Nf5 Nd5 21. Bxe7 Nxe7 22. Qf3 Nxf5 23. Qxf5 Nd6 24. Qf3 Nxe4 25. Qxe4 a6 26. c4 Rb8 27. c5 a5 28. Rfc1 Qc7 29. b4 axb4 30. Ra8 f6 31. Qd5 Rxa8 32. Qxa8+ Kf7 33. c6 Re8 34. Qb7 Qxb7 35. cxb7 Rb8 36. Rc7+ Kg6 37. Rd7 h5 38. g3 Kh6 39. Kg2 Kg6 40. Kf3 f5 41. Rd6+ Kf7 42. Rb6 g5 43. Rxb5 g4+ 44. hxg4 hxg4+ 45. Ke2 Ke6 46. Kd2 Kd6 47. Kc2 f4 48. Kb3 fxg3 49. fxg3 Kc6 50. Kxb4 e4 51. dxe4 d3 52. Kc4 Rxb7 53. Rc5+ Kb6 54. Rd5 Rf7 55. Rxd3 Kc6 56. b4 Kb6 57. e5 Kc7 58. b5 Rf5 59. Re3 Kd7 60. e6+ Ke7 61. Re4 Rf1 62. Kc5 Rc1+ 63. Kb6 Rb1 64. Rxg4 Kxe6 65. Rd4 Ke5 66. Rd8 Rb4 67. Kc6 Rc4+ 68. Kb7 Rg4 69. Rd3 Rg7+ 70. Ka6 Ke4 71. Rb3 Kd5 72. b6 Kc6 73. b7 Rg4 74. Ka5 Rg5+ 75. Ka4 Rg4+ 76. Ka3 1-0

[Event "Sao Paulo ECP A"]
[Site "Sao Paulo"]
[Date "2016.05.28"]
[Round "10.1"]
[White "Van Riemsdijk, Felipe Herman"]
[Black "Zeituni, Carlos Alberto"]
[Result "1/2-1/2"]
[WhiteElo "1735"]
[BlackElo "1829"]
[PlyCount "53"]
[EventDate "2016.03.12"]
[EventType "tourn"]
[EventRounds "11"]
[EventCountry "BRA"]
[SourceTitle "EXT 2022"]
[Source "ChessBase"]
[SourceDate "2021.10.06"]
[SourceVersion "1"]
[SourceVersionDate "2021.10.06"]
[SourceQuality "1"]

1. e4 e5 2. Nf3 Nf6 3. Nxe5 d6 4. Nf3 Nxe4 5. d4 d5 6. Be2 Be7 7. 0-0 0-0 8. c4 Nc6 9. cxd5 Qxd5 10. Nc3 Nxc3 11. bxc3 Bf5 12. Bf4 Rac8 13. Ne5 Nxe5 14. Bxe5 c5 15. Bf3 Qd7 16. Re1 cxd4 17. Qxd4 Qxd4 18. Bxd4 Bf6 19. Bxb7 Rxc3 20. Bxc3 Bxc3 21. Rad1 Bxe1 22. Rxe1 Be6 23. g3 Bxa2 24. Ra1 Be6 25. Rxa7 Rb8 26. Ra8 Rxa8 27. Bxa8 1/2-1/2

[Event "Sao Paulo ECP A"]
[Site "Sao Paulo"]
[Date "2016.04.16"]
[Round "5.1"]
[White "Chiaretti, Flavio Mario"]
[Black "Van Riemsdijk, Felipe Herman"]
[Result "0-1"]
[WhiteElo "1822"]
[BlackElo "1735"]
[PlyCount "73"]
[EventDate "2016.03.12"]
[EventType "tourn"]
[EventRounds "11"]
[EventCountry "BRA"]
[SourceTitle "EXT 2022"]
[Source "ChessBase"]
[SourceDate "2021.10.06"]
[SourceVersion "1"]
[SourceVersionDate "2021.10.06"]
[SourceQuality "1"]

1. c4 d6 2. g3 e5 3. Bg2 Nf6 4. Nc3 g6 5. e3 Bg7 6. Nge2 0-0 7. 0-0 Be6 8. b3 Nc6 9. d4 exd4 10. Nxd4 Nxd4 11. exd4 Rb8 12. Be3 Ng4 13. Bd2 Bxd4 14. Rc1 Bg7 15. h3 Nf6 16. Be3 b6 17. Nb5 Qd7 18. Kh2 a6 19. Nd4 Nh5 20. Qd2 c5 21. Nxe6 fxe6 22. Bh6 Rf7 23. Bxg7 Nxg7 24. Rcd1 Nf5 25. f4 Rbf8 26. Rde1 Nd4 27. h4 h6 28. Bh3 Rf6 29. Qe3 Qf7 30. Kg2 e5 31. Qd2 Qb7+ 32. Kh2 Nf3+ 33. Rxf3 Qxf3 34. Bg2 Qh5 35. Qd5+ Kh8 36. Qb7 R6f7 37. Bf3 0-1

[Event "Sao Paulo ECP A"]
[Site "Sao Paulo"]
[Date "2016.04.02"]
[Round "3.1"]
[White "Caribe Santos, Luiz Carlos"]
[Black "Van Riemsdijk, Felipe Herman"]
[Result "0-1"]
[WhiteElo "1548"]
[BlackElo "1735"]
[PlyCount "60"]
[EventDate "2016.03.12"]
[EventType "tourn"]
[EventRounds "11"]
[EventCountry "BRA"]
[SourceTitle "EXT 2022"]
[Source "ChessBase"]
[SourceDate "2021.10.06"]
[SourceVersion "1"]
[SourceVersionDate "2021.10.06"]
[SourceQuality "1"]

1. d4 c5 2. Nf3 cxd4 3. Nxd4 d5 4. e3 e5 5. Bb5+ Bd7 6. Bxd7+ Nxd7 7. Nf3 Ngf6 8. 0-0 Bd6 9. c4 e4 10. Nd4 dxc4 11. Nf5 Bf8 12. Qa4 g6 13. Nd4 Bg7 14. Qxc4 0-0 15. Rd1 Qe7 16. Nc3 Ne5 17. Qe2 Nd3 18. f3 Nc5 19. b4 exf3 20. gxf3 Ncd7 21. Rb1 Rac8 22. Bd2 Rfe8 23. f4 Nb6 24. Re1 Qd7 25. Qf3 Nc4 26. Rbd1 Nxd2 27. Rxd2 Rxc3 28. Rde2 Qg4+ 29. Kf2 Qxf3+ 30. Nxf3 Ng4+ 0-1

[Event "Rio Claro IRT U2200 3rd"]
[Site "Rio Claro"]
[Date "2015.11.22"]
[Round "5.8"]
[White "Van Riemsdijk, Felipe Herman"]
[Black "Dutra, Liliam Guedes"]
[Result "0-1"]
[WhiteElo "1750"]
[BlackElo "1568"]
[PlyCount "46"]
[EventDate "2015.11.21"]
[EventType "swiss"]
[EventRounds "5"]
[EventCountry "BRA"]
[SourceTitle "EXT 2022"]
[Source "ChessBase"]
[SourceDate "2021.10.06"]
[SourceVersion "1"]
[SourceVersionDate "2021.10.06"]
[SourceQuality "1"]

1. f4 e6 2. b3 Nf6 3. Bb2 Be7 4. Nf3 0-0 5. e3 b6 6. Be2 Bb7 7. 0-0 d5 8. h3 Nbd7 9. g4 Ne4 10. Kh2 Bf6 11. Qc1 c5 12. d3 Nd6 13. Ne5 d4 14. exd4 cxd4 15. Bxd4 Nb5 16. Bb2 Nxe5 17. Bxe5 Bxe5 18. fxe5 Qd5 19. Bf3 Qxe5+ 20. Kg2 Bxf3+ 21. Rxf3 Qxa1 22. Qf1 Nd4 23. Rf2 Rac8 0-1

[Event "Sao Paulo ECP op 6th"]
[Site "Sao Paulo"]
[Date "2015.10.25"]
[Round "5"]
[White "Mendes, Rodrigo Machado"]
[Black "Van Riemsdijk, Felipe Herman"]
[Result "1/2-1/2"]
[WhiteElo "1918"]
[BlackElo "1730"]
[PlyCount "74"]
[EventDate "2015.10.23"]
[EventType "swiss"]
[EventRounds "6"]
[EventCountry "BRA"]
[SourceTitle "CBM 169 Extra"]
[Source "ChessBase"]
[SourceDate "2015.12.18"]
[SourceVersion "1"]
[SourceVersionDate "2015.12.18"]
[SourceQuality "1"]

1. d4 Nf6 2. c4 c5 3. e3 g6 4. Nf3 Bg7 5. Be2 0-0 6. 0-0 d6 7. Nc3 Bf5 8. a3 Nbd7 9. d5 a6 10. Ra2 a5 11. Nh4 Ne5 12. Nxf5 gxf5 13. Nb5 Kh8 14. f4 Ng6 15. Qd3 Ne4 16. Bf3 Rg8 17. Bxe4 fxe4 18. Qxe4 Nh4 19. b3 Bf6 20. Raf2 Qf8 21. Kh1 Qh6 22. g3 Rxg3 23. hxg3 Nf5+ 24. Rh2 Nxg3+ 25. Kg2 Qxh2+ 26. Kxh2 Nxe4 27. a4 Rg8 28. Rg1 Rxg1 29. Kxg1 Nc3 30. Bb2 Nxb5 31. Bxf6+ exf6 32. axb5 Kg7 33. Kg2 f5 34. Kg3 Kg6 35. b6 Kh5 36. Kh3 Kg6 37. Kh4 Kh6 1/2-1/2

[Event "Sao Paulo ECP Etapa Jarbas Karman V"]
[Site "Sao Paulo"]
[Date "2015.10.11"]
[Round "6.3"]
[White "Itagyba, Renan Fortes"]
[Black "Van Riemsdijk, Felipe Herman"]
[Result "0-1"]
[WhiteElo "1508"]
[BlackElo "1730"]
[PlyCount "80"]
[EventDate "2015.10.09"]
[EventType "swiss"]
[EventRounds "6"]
[EventCountry "BRA"]
[SourceTitle "EXT 2022"]
[Source "ChessBase"]
[SourceDate "2021.10.06"]
[SourceVersion "1"]
[SourceVersionDate "2021.10.06"]
[SourceQuality "1"]

1. c4 Nf6 2. Nc3 g6 3. g3 Bg7 4. Bg2 e5 5. e4 0-0 6. Nge2 d6 7. 0-0 Nc6 8. Rb1 Be6 9. d3 Qd7 10. Re1 Bg4 11. Be3 h5 12. Qd2 Kh7 13. f4 exf4 14. Nxf4 Ne5 15. Rf1 Bh6 16. Nfd5 Bxe3+ 17. Qxe3 Ng8 18. Nf6+ Nxf6 19. Rxf6 c6 20. Rff1 Bh3 21. Ne2 Bxg2 22. Kxg2 Ng4 23. Qd2 d5 24. h3 Ne5 25. Qc3 Rae8 26. exd5 Nxc4 27. dxc4 Rxe2+ 28. Rf2 Rxf2+ 29. Kxf2 Qf5+ 30. Qf3 Qxb1 31. dxc6 Qxb2+ 32. Kg1 Qa1+ 33. Kg2 Qxa2+ 34. Kg1 bxc6 35. g4 hxg4 36. hxg4 Kg8 37. Qg3 Rd8 38. Qe1 Qd2 39. Qe7 Qd6 40. Qe4 Qd4+ 0-1

[Event "Sao Paulo op-B 3rd"]
[Site "Sao Paulo"]
[Date "2015.09.19"]
[Round "4"]
[White "Kikuchi Cadilhac, Mariana Sawae"]
[Black "Van Riemsdijk, Felipe Herman"]
[Result "0-1"]
[WhiteElo "1395"]
[BlackElo "1728"]
[PlyCount "48"]
[EventDate "2015.09.17"]
[EventType "swiss"]
[EventRounds "6"]
[EventCountry "BRA"]
[SourceTitle "EXT 2016"]
[Source "ChessBase"]
[SourceDate "2015.10.08"]
[SourceVersion "1"]
[SourceVersionDate "2015.10.08"]
[SourceQuality "1"]

1. e4 e5 2. Nf3 Nc6 3. Bc4 f5 4. d3 Nf6 5. Nc3 Bb4 6. Bd2 d6 7. Nd5 Bxd2+ 8. Qxd2 fxe4 9. Nxf6+ Qxf6 10. dxe4 Be6 11. Bd3 0-0 12. Ng5 h6 13. Nxe6 Qxe6 14. Qe2 Qf6 15. 0-0 Nd4 16. Qd2 Kh8 17. Qc3 Ne6 18. Bc4 Nf4 19. Bd3 Nxg2 20. Kxg2 Qf3+ 21. Kg1 Rf6 22. Rfd1 Qxf2+ 23. Kh1 Qf3+ 24. Kg1 Rg6# 0-1

[Event "Sao Paulo ECP Etapa Siegmund Gansl I"]
[Site "Sao Paulo"]
[Date "2015.06.12"]
[Round "2.1"]
[White "Bruce, Shannon Hill"]
[Black "Van Riemsdijk, Felipe Herman"]
[Result "1-0"]
[WhiteElo "2099"]
[BlackElo "1761"]
[PlyCount "55"]
[EventDate "2015.06.12"]
[EventType "swiss"]
[EventRounds "6"]
[EventCountry "BRA"]
[SourceTitle "EXT 2022"]
[Source "ChessBase"]
[SourceDate "2021.10.06"]
[SourceVersion "1"]
[SourceVersionDate "2021.10.06"]
[SourceQuality "1"]

1. d4 Nf6 2. Nf3 c5 3. c3 d5 4. Bg5 Nc6 5. e3 e6 6. Nbd2 Be7 7. Bd3 Qc7 8. Rc1 e5 9. Bb5 e4 10. Ne5 0-0 11. Bxc6 bxc6 12. Qa4 Bd7 13. Nxd7 Qxd7 14. 0-0 Rfc8 15. dxc5 Bxc5 16. Bxf6 gxf6 17. c4 Qg4 18. Nb3 Bb6 19. Rc2 Kh8 20. c5 Bc7 21. f4 Qe6 22. Nd4 Qd7 23. Qa6 Bd8 24. b4 Rab8 25. Rb1 Be7 26. a4 Rb7 27. b5 Rcc7 28. Rbc1 1-0

[Event "Sao Paulo Salles Cup 3rd"]
[Site "Sao Paulo"]
[Date "2015.03.21"]
[Round "4"]
[White "Sangiovanni, Marcello Gouveia"]
[Black "Van Riemsdijk, Felipe Herman"]
[Result "1/2-1/2"]
[WhiteElo "1514"]
[BlackElo "1782"]
[PlyCount "107"]
[EventDate "2015.03.20"]
[EventType "swiss"]
[EventRounds "6"]
[EventCountry "BRA"]
[SourceTitle "CBM 165 Extra"]
[Source "ChessBase"]
[SourceDate "2015.04.21"]
[SourceVersion "1"]
[SourceVersionDate "2015.04.21"]
[SourceQuality "1"]

1. d4 Nf6 2. Nf3 c5 3. c3 g6 4. Bf4 Nc6 5. e3 d5 6. Nbd2 Bg7 7. Bb5 Bd7 8. Bxc6 Bxc6 9. h3 Qb6 10. Qb3 Nd7 11. 0-0 0-0 12. Ne5 cxd4 13. Nxd7 Qxb3 14. Nxb3 Bxd7 15. exd4 b6 16. Rfe1 e6 17. Nd2 Rac8 18. Rac1 Bb5 19. Be5 Bh6 20. f4 f6 21. Bd6 Rfe8 22. g3 Kf7 23. Nf3 Bd3 24. Re3 Be4 25. Rf1 Rc6 26. Ba3 Kg8 27. Nd2 f5 28. g4 Bf8 29. Bxf8 Rxf8 30. Nf3 Bxf3 31. Rfxf3 Kf7 32. Kg2 Rg8 33. Rg3 Rcc8 34. Kf2 h5 35. gxh5 gxh5 36. Rg5 h4 37. Kf3 Rce8 38. Re2 Rg7 39. Reg2 Reg8 40. Rxg7+ Rxg7 41. Rxg7+ Kxg7 42. Ke3 Kf7 43. Kd3 Ke7 44. c4 dxc4+ 45. Kxc4 Kd6 46. b4 a6 47. a4 Kc6 48. a5 bxa5 49. bxa5 Kd6 50. Kc3 Kd5 51. Kd3 Kd6 52. Kc3 Kd5 53. Kd3 Kd6 54. Kc3 1/2-1/2

[Event "Sao Paulo op-B 2nd"]
[Site "Sao Paulo"]
[Date "2015.02.07"]
[Round "4"]
[White "Deus Filho, Joaquim"]
[Black "Van Riemsdijk, Felipe Herman"]
[Result "1/2-1/2"]
[WhiteElo "1956"]
[BlackElo "1783"]
[PlyCount "120"]
[EventDate "2015.02.05"]
[EventType "swiss"]
[EventRounds "6"]
[EventCountry "BRA"]
[SourceTitle "CBM 164 Extra"]
[Source "ChessBase"]
[SourceDate "2015.03.02"]
[SourceVersion "1"]
[SourceVersionDate "2015.03.02"]
[SourceQuality "1"]

1. e4 e5 2. d4 exd4 3. Qxd4 Nc6 4. Qe3 Bb4+ 5. Nc3 Nf6 6. Bd2 0-0 7. 0-0-0 Re8 8. Bc4 Na5 9. Be2 d5 10. Qg3 Bd6 11. Bf4 Bxf4+ 12. Qxf4 c6 13. e5 Nd7 14. Nf3 Nb6 15. Bd3 Qe7 16. Rhe1 Nac4 17. a3 Be6 18. Ng5 h6 19. Nh7 Nd7 20. g4 Ncxe5 21. Rxe5 Nxe5 22. Qxe5 Bxg4 23. Qxe7 Rxe7 24. Rg1 Bf3 25. Rg3 Bh1 26. Nf6+ Kh8 27. Nh5 f6 28. Nf4 Kg8 29. f3 Rae8 30. Kd2 g5 31. Nh3 Re3 32. Ng1 Kf7 33. Nd1 d4 34. Nf2 Bxf3 35. Nxf3 c5 36. Ne4 R8xe4 37. Bxe4 Rxe4 38. Ne1 f5 39. Nd3 b6 40. Nf2 Rf4 41. Ke2 g4 42. a4 Ke6 43. a5 b5 44. h4 h5 45. Ra3 a6 46. Rg3 Kd5 47. b3 Ke6 48. Rd3 Kd5 49. Rg3 Kc6 50. c3 dxc3 51. Rxc3 Rd4 52. Nd3 Re4+ 53. Kf2 c4 54. b4 f4 55. Nc5 Rd4 56. Rc2 f3 57. Kg3 Rd1 58. Nxa6 Rg1+ 59. Kh2 Re1 60. Kg3 Rg1+ 1/2-1/2

[Event "Sao Paulo op-B 2nd"]
[Site "Sao Paulo"]
[Date "2015.02.05"]
[Round "1"]
[White "Van Riemsdijk, Felipe Herman"]
[Black "Ferreira, Renato Luis Bueloni"]
[Result "1-0"]
[WhiteElo "1783"]
[BlackElo "1368"]
[PlyCount "81"]
[EventDate "2015.02.05"]
[EventType "swiss"]
[EventRounds "6"]
[EventCountry "BRA"]
[SourceTitle "CBM 164 Extra"]
[Source "ChessBase"]
[SourceDate "2015.03.02"]
[SourceVersion "1"]
[SourceVersionDate "2015.03.02"]
[SourceQuality "1"]

1. e4 c5 2. Nc3 d6 3. f4 Nf6 4. e5 dxe5 5. fxe5 Ng4 6. Bb5+ Nc6 7. Nf3 Qc7 8. Qe2 Bd7 9. d4 Nxd4 10. Nxd4 cxd4 11. e6 Bxb5 12. Nxb5 Qc6 13. Nxd4 Qd5 14. exf7+ Qxf7 15. Qxg4 Qg6 16. Qxg6+ hxg6 17. Ne6 Rc8 18. c3 Rc6 19. Nd4 Rc5 20. 0-0 g5 21. Ne6 Re5 22. Nxg5 e6 23. Nf7 Bc5+ 24. Kh1 Rf8 25. Bf4 Rf5 26. Ng5 e5 27. Ne6 R8f7 28. Nxc5 Rxf4 29. Kg1 b6 30. Ne6 Rxf1+ 31. Rxf1 Rxf1+ 32. Kxf1 g6 33. Ke2 Ke7 34. Nc7 Kd6 35. Nb5+ Kd5 36. Nxa7 Ke4 37. Nc8 b5 38. Nd6+ Kf4 39. Nxb5 e4 40. a4 g5 41. a5 1-0

[Event "Sao Paulo Hebraica op 19th"]
[Site "Sao Paulo"]
[Date "2015.01.11"]
[Round "5"]
[White "Kikuchi Cadilhac, Mariana Sawae"]
[Black "Van Riemsdijk, Felipe Herman"]
[Result "0-1"]
[WhiteElo "1396"]
[BlackElo "1780"]
[PlyCount "114"]
[EventDate "2015.01.08"]
[EventType "swiss"]
[EventRounds "6"]
[EventCountry "BRA"]
[SourceTitle "CBM 164 Extra"]
[Source "ChessBase"]
[SourceDate "2015.03.02"]
[SourceVersion "1"]
[SourceVersionDate "2015.03.02"]
[SourceQuality "1"]

1. e4 e5 2. Nf3 Nc6 3. Bc4 f5 4. d3 Nf6 5. Nc3 Bb4 6. Qe2 d6 7. Bd2 fxe4 8. dxe4 Bg4 9. h3 Nd4 10. Qd3 Bxf3 11. gxf3 Qd7 12. a3 Ba5 13. 0-0-0 0-0-0 14. Kb1 Rhf8 15. f4 Nh5 16. f5 g6 17. fxg6 Rf3 18. Qf1 Ng3 19. Qg2 Nxh1 20. g7 Rxf2 21. g8Q Rxg8 22. Qxg8+ Qd8 23. Qxd8+ Kxd8 24. Bg5+ Kd7 25. Rxh1 Rxc2 26. Bd3 Rg2 27. Bh4 Rd2 28. Bb5+ c6 29. Bc4 Nf3 30. Be1 Rd4 31. Bg8 Bxc3 32. Bxc3 Rxe4 33. Bxh7 Rh4 34. Bf5+ Ke7 35. Rf1 Rf4 36. Bd3 Ke6 37. Be2 e4 38. Bxf3 exf3 39. Kc2 f2 40. Kd2 Rh4 41. Rxf2 Rxh3 42. Rf6+ Ke7 43. Rg6 Rh7 44. Bf6+ Kf7 45. Rg7+ Rxg7 46. Bxg7 Kxg7 47. Ke3 Kf6 48. Kf4 Ke6 49. Ke4 c5 50. b3 d5+ 51. Kd3 Kf5 52. b4 b6 53. Kc3 Ke4 54. Kd2 d4 55. Ke2 c4 56. Kd2 c3+ 57. Kc2 Ke3 0-1

[Event "Sao Paulo Hebraica op 19th"]
[Site "Sao Paulo"]
[Date "2015.01.08"]
[Round "1"]
[White "Van Riemsdijk, Felipe Herman"]
[Black "Utiyama, Marcel Heimar Ribei"]
[Result "0-1"]
[WhiteElo "1780"]
[BlackElo "2216"]
[PlyCount "48"]
[EventDate "2015.01.08"]
[EventType "swiss"]
[EventRounds "6"]
[EventCountry "BRA"]
[SourceTitle "CBM 164 Extra"]
[Source "ChessBase"]
[SourceDate "2015.03.02"]
[SourceVersion "1"]
[SourceVersionDate "2015.03.02"]
[SourceQuality "1"]

1. e4 c5 2. Nc3 Nc6 3. f4 g6 4. Nf3 Bg7 5. Bc4 d6 6. 0-0 e6 7. b3 Nge7 8. Bb2 0-0 9. Re1 d5 10. exd5 exd5 11. Bf1 Qd6 12. g3 a6 13. Na4 Bxb2 14. Nxb2 Nf5 15. c3 Bd7 16. Qc2 h5 17. Ne5 Nxe5 18. fxe5 Qe7 19. Nd1 Qg5 20. Qd3 h4 21. Kg2 Bc6 22. Nf2 c4 23. Qf3 hxg3 24. hxg3 Nh4+ 0-1